00358nam a22001097a 4500020001600000100001900016245008000035260003700115300002900152650004400181700002300225 qHard Cover. aJaved , Adnan  aInteractive Blackboard Architecture for Enterprise Planning /.cAdnan Javed aIslamabad :bCEME - NUST,c2016. axiii, 97p. ill. ;c30cm. aComputer Software Engieering-MS-Thesis. aDr. Farooque Azam.